Where do Greater Horseshoe Bats live? Quiz Stats

 Plays Quiz not verified by Sporcle

Challenge
Share
Tweet
Embed
Score 0/63 Timer 10:00
0 Plays Today
% Correct
China
100%
Germany
100%
Greece
100%
India
100%
Iran
100%
Iraq
100%
Israel
100%
Jordan
100%
Pakistan
100%
Russia
100%
Saudi Arabia
100%
Syria
100%
UK
100%
Afghanistan
91.7%
Austria
91.7%
Czech Republic
91.7%
France
91.7%
Italy
91.7%
Lebanon
91.7%
Macedonia
91.7%
Poland
91.7%
Portugal
91.7%
Slovenia
91.7%
Spain
91.7%
Turkmenistan
91.7%
Ukraine
91.7%
Uzbekistan
91.7%
Netherlands
91.7%
Albania
83.3%
Andorra
83.3%
Armenia
83.3%
Azerbaijan
83.3%
% Correct
Bangladesh
83.3%
Bhutan
83.3%
Bulgaria
83.3%
Croatia
83.3%
Georgia
83.3%
Japan
83.3%
Kazakhstan
83.3%
Kyrgyzstan
83.3%
Moldova
83.3%
Nepal
83.3%
Romania
83.3%
San Marino
83.3%
Serbia
83.3%
Slovakia
83.3%
Switzerland
83.3%
Tajikistan
83.3%
Turkey
83.3%
Malta
83.3%
Belgium
83.3%
Cyprus
75%
North Korea
75%
South Korea
75%
Liechtenstein
75%
Luxembourg
75%
Monaco
75%
Montenegro
75%
Algeria
66.7%
Bosnia and Herzegovina
66.7%
Hungary
66.7%
Tunisia
58.3%
Morocco
50%

You're not logged in!

Compare scores with friends on all Sporcle quizzes.
OR
Log In

You Might Also Like...

Show Comments

Extras

Created Mar 3, 2011ReportNominate
Tags:bat, greater, live

Top Quizzes Today


Score Distribution

Your Account Isn't Verified!

In order to create a playlist on Sporcle, you need to verify the email address you used during registration. Go to your Sporcle Settings to finish the process.

Report this User

Report this user for behavior that violates our Community Guidelines.

Details: